000
00288nam a2200121Ia 4500
008
220216s9999 xx 000 0 und d
100
_a
Naryanan
_B
P.K.
245
0
_a
Bright future
260
_b
Planters' Chronicle
_c
1995
300
_a
203-207
650
_a
Rubber production
942
_c
BS
999
_c
52155
_d
52155